[Event "5. OPEN International Championship of Vo"]
[Site "Novi Sad"]
[Date "2014.07.17"]
[Round "7.27"]
[White "Peovic, Milos"]
[Black "Dokic, Zoran"]
[Result "0-1"]
[WhiteElo "2281"]
[BlackElo "2163"]
[PlyCount "80"]
[EventDate "2014.07.12"]

1. e4 c6 2. d4 d5 3. e5 Bf5 4. Nd2 e6 5. Nb3 Nd7 6. Nf3 Bg4 7. Be3 Nh6 8. h3
Bxf3 9. Qxf3 Nf5 10. Bd3 Nxe3 11. fxe3 f5 12. g4 Qh4+ 13. Ke2 g6 14. c4 dxc4
15. Bxc4 Qe7 16. Rac1 Nb6 17. Bd3 Bh6 18. h4 fxg4 19. Qxg4 Nd5 20. Rh3 O-O 21.
Nc5 Rae8 22. h5 Rf4 23. Qxe6+ Qxe6 24. Nxe6 Rxe6 25. hxg6 Bg7 26. gxh7+ Kh8 27.
Rg3 Rf8 28. Rcg1 Re7 29. a3 a5 30. Be4 Nc7 31. Rc1 Ne6 32. Rg6 Rd8 33. Bf5 Nf8
34. Rg5 Rd5 35. Rc2 Rb5 36. Kd1 Rb3 37. Rf2 c5 38. Kc2 a4 39. Kc1 cxd4 40. Bc2
d3 0-1

[Event "5. OPEN International Championship of Vo"]
[Site "Novi Sad"]
[Date "2014.07.17"]
[Round "7.28"]
[White "Stocko, Josip"]
[Black "Jovanovic, Milenko"]
[Result "0-1"]
[WhiteElo "2269"]
[BlackElo "2154"]
[PlyCount "150"]
[EventDate "2014.07.12"]

1. e4 e5 2. Nf3 Nf6 3. Nxe5 d6 4. Nf3 Nxe4 5. Nc3 Nxc3 6. dxc3 Be7 7. Be3 Nc6
8. Qd2 Bg4 9. Be2 O-O 10. h3 Be6 11. O-O-O Ne5 12. Nd4 Bd5 13. Nf5 Be4 14.
Nxe7+ Qxe7 15. f3 Bc6 16. Rde1 Qe6 17. Kb1 Qd5 18. Bd4 Rfe8 19. b3 Ng6 20. Bd3
Qh5 21. Rxe8+ Rxe8 22. Re1 Rxe1+ 23. Qxe1 Qg5 24. Qf2 a6 25. Be3 Qe5 26. Qd2
Qg3 27. Kb2 h6 28. Bf1 Qe5 29. Qd4 Qe7 30. Bf2 Nf8 31. Qa7 Qd8 32. a4 Ne6 33.
Qe3 Qf6 34. Bg3 Qg6 35. Bh4 Qf5 36. Bd3 Qf4 37. Qxf4 Nxf4 38. Bf1 Kf8 39. Ka3
Ke8 40. Bf2 Ke7 41. c4 Ne6 42. b4 Bd7 43. a5 Kf6 44. Kb3 Ke5 45. c3 f5 46. Kc2
g5 47. Bg3+ f4 48. Bf2 c5 49. Bd3 Ng7 50. bxc5 dxc5 51. Bxc5 Nf5 52. Kd2 Bc6
53. Bf2 h5 54. Bf1 Ba4 55. Kd3 Bc6 56. Bd4+ Ke6 57. Kd2 Ng3 58. Ke1 Nf5 59. Bd3
Nh4 60. Kf2 Nf5 61. Bb6 Nd6 62. Bc7 Nf7 63. g3 Ne5 64. Bxe5 Kxe5 65. Bg6 fxg3+
66. Kxg3 h4+ 67. Kg4 Kf6 68. Bf5 Bxf3+ 69. Kxf3 Kxf5 70. c5 g4+ 71. hxg4+ Kg5
72. c4 h3 73. Kg3 h2 74. Kxh2 Kxg4 75. Kg2 Kf4 0-1

[Event "5. OPEN International Championship of Vo"]
[Site "Novi Sad"]
[Date "2014.07.17"]
[Round "7.29"]
[White "Gavrilovic, Leonardo"]
[Black "Ratsma, Midas"]
[Result "0-1"]
[WhiteElo "2267"]
[BlackElo "2123"]
[PlyCount "109"]
[EventDate "2014.07.12"]

1. Nf3 Nf6 2. c4 c6 3. g3 d5 4. Bg2 g6 5. b3 Bg7 6. Bb2 O-O 7. O-O Nbd7 8. d3
e5 9. cxd5 Nxd5 10. e4 N5f6 11. Nbd2 Re8 12. Qc2 b6 13. Qxc6 Ba6 14. Qc2 Rc8
15. Qb1 Nc5 16. Nc4 Qxd3 17. Nfxe5 Qxb1 18. Raxb1 Nfxe4 19. Bxe4 Nxe4 20. Rfe1
b5 21. Rxe4 bxc4 22. Rbe1 cxb3 23. axb3 Rc2 24. Ba3 Ra2 25. Bb4 Bb7 26. R4e3 a5
27. Bc3 Bd5 28. b4 a4 29. b5 Rc2 30. Bb4 Rb2 31. Nd3 Rxe3 32. Rxe3 Rb1+ 33. Re1
Rxe1+ 34. Nxe1 Bb2 35. Nc2 f5 36. f4 Be4 37. Ba3 Bc3 38. Nb4 Kf7 39. Kf2 Bd4+
40. Ke2 Ke6 41. h4 Bd5 42. Nc2 Bc4+ 43. Kf3 Bb6 44. Ne3 Bxb5 45. g4 Bc6+ 46.
Ke2 fxg4 47. Nxg4 Kf5 48. Ne5 Bb7 49. Nd7 Ba7 50. Nf8 h6 51. Bd6 Be4 52. Ke1
Be3 53. h5 gxh5 54. Ke2 Bxf4 55. Nd7 0-1

[Event "5. OPEN International Championship of Vo"]
[Site "Novi Sad"]
[Date "2014.07.17"]
[Round "7.30"]
[White "Beslin, Igor"]
[Black "Cengija, Vanja"]
[Result "1-0"]
[WhiteElo "2066"]
[BlackElo "2263"]
[PlyCount "131"]
[EventDate "2014.07.12"]

1. e4 d6 2. d4 Nf6 3. Nc3 e5 4. dxe5 dxe5 5. Qxd8+ Kxd8 6. Bc4 Ke8 7. Nf3 Bd6
8. Bg5 Nbd7 9. h3 a6 10. O-O-O h6 11. Be3 b6 12. Nd2 Bb7 13. f3 b5 14. Be2 Bc5
15. Bxc5 Nxc5 16. Nb3 Nxb3+ 17. axb3 Rd8 18. Rxd8+ Kxd8 19. Rd1+ Ke7 20. Nd5+
Bxd5 21. exd5 Kd6 22. c4 Kc5 23. Kc2 Rd8 24. Ra1 Rd6 25. Kc3 b4+ 26. Kc2 Kd4
27. Kd2 Nd7 28. Bd3 g6 29. Ke2 f5 30. Rd1 Kc5 31. h4 Nf6 32. Ke3 Kb6 33. Bc2 h5
34. Kf2 Rd7 35. g3 Kc5 36. Ra1 Kb6 37. Re1 Re7 38. Rd1 Ne8 39. g4 hxg4 40. fxg4
e4 41. gxf5 gxf5 42. Ke3 Rh7 43. Rf1 Nd6 44. Kd4 c5+ 45. Ke5 Kc7 46. Rf4 Rh6
47. Bd1 Kd7 48. h5 Ke7 49. Be2 Rf6 50. Rf1 Nf7+ 51. Kf4 Nh6 52. Rg1 Kf7 53. Rg5
a5 54. Bd1 Ra6 55. Ke5 Ra8 56. Rg6 Ng8 57. Rb6 Re8+ 58. Kxf5 e3 59. Be2 Ne7+
60. Kf4 Ng8 61. h6 Nf6 62. Kf5 Re5+ 63. Kxe5 Nd7+ 64. Kd6 Nxb6 65. Kc7 a4 66.
bxa4 1-0

[Event "5. OPEN International Championship of Vo"]
[Site "Novi Sad"]
[Date "2014.07.17"]
[Round "7.31"]
[White "Petkovic, Radosav"]
[Black "Musicki, Stevan"]
[Result "1-0"]
[WhiteElo "2253"]
[BlackElo "2101"]
[PlyCount "31"]
[EventDate "2014.07.12"]

1. e4 c5 2. Nf3 e6 3. d4 cxd4 4. Nxd4 a6 5. c4 Nc6 6. Nc2 Nf6 7. Nc3 Qc7 8. Be2
Be7 9. O-O O-O 10. f4 d6 11. Be3 Na5 12. Qd3 Bd7 13. Na3 b5 14. b4 Nb7 15. Rac1
Rfd8 16. Qd4 1-0

[Event "5. OPEN International Championship of Vo"]
[Site "Novi Sad"]
[Date "2014.07.17"]
[Round "7.32"]
[White "Meszaros, Andras"]
[Black "Karlicic, Bozidar"]
[Result "1-0"]
[WhiteElo "2250"]
[BlackElo "2032"]
[PlyCount "43"]
[EventDate "2014.07.12"]

1. e4 c5 2. Nf3 d6 3. Bb5+ Nd7 4. O-O a6 5. Bxd7+ Bxd7 6. c3 Bc6 7. Re1 c4 8.
b3 cxb3 9. axb3 e6 10. d4 Be7 11. d5 Bd7 12. c4 e5 13. h3 Rc8 14. Ba3 Qc7 15.
Nxe5 Bf6 16. Nxd7 Bxa1 17. Nd2 Bc3 18. e5 dxe5 19. Nxe5 Bxe5 20. d6 Qa5 21. Nf3
Kd7 22. Nxe5+ 1-0